| 000 | 00641nam a2200241Ia 4500 | ||
|---|---|---|---|
| 003 | OSt | ||
| 005 | 20221007103342.0 | ||
| 006 | a|||||r|||| 00| 0 | ||
| 007 | ta | ||
| 008 | 221006b |||||||| |||| 00| 0 eng d | ||
| 024 | _a12,902 | ||
| 037 | _cTextual | ||
| 040 |
_aLCO _cLCO _beng |
||
| 041 |
_2eng _aeng |
||
| 082 | _aP111,J,3:3, J6 | ||
| 100 | _aWilson John | ||
| 245 | 0 | _aLanguage and the Pursuit of Truth | |
| 260 |
_aLondon _bCambridge University Press U.K. _c1956 |
||
| 300 | _a105 | ||
| 650 |
_aPURSUIT OF TRUTH _9705041 |
||
| 942 |
_hP111,J,3:3, J6 _cTEXL |
||
| 999 |
_c1182465 _d1182465 |
||